01187nam a22003017a 45000010009000000050017000090080041000260220014000670400063000810420007001440500015001512220020001662450021001862600058002073000025002653100012002903620024003025000077003265000084004035000072004875000057005595500037006166500028006537100041006817800050007227850040007722700073008121060880220090120153315.0870328u1879uuuuii mr p 0 a0eng  a0972-1851 aDLCcMnMULSdNICdCtYdOCoLCdMBTIdOCoLCdNNCdDLCdOCoLC alc aBP500b.T6 aThe Theosophist aThe theosophist. aAdyar, Madras, India :bTheosophical Publishing House av. :bill. ;c24 cm. aMonthly aBegan in Oct. 1879. aPublished in: Hollywood, Calif., 1930; Adyar, Madras, India, 1931-<1979> aVol. 7- have reports of the Society's conventions, sometimes issued separately. aDescription based on: Vol. 58, no. 7 (Apr. 1937); title from cover. aLatest issue consulted: Vol. 101, no. 3 (Dec. 1979). aIssued by: Theosophical Society. aTheosophyvPeriodicals. aTheosophical Society (Madras, India) tLucifer (Point Loma, San Diego, Calif.)g1931 tJournal of the Theosophical Society aAdyar,bChennaie600020k44-2491-1338l2490-1399mtphindia@gmail.com